000 01553cam a22003614a 4500
001 12991407
003 OSt
005 20240626103652.0
008 021104s2003 enka b 001 0 eng
010 _a 2002036918
020 _a0415298113
035 _a(OCoLC)ocm50958856
040 _aDLC
_cDLC
_dC#P
_dBAKER
_dUWC
_dNLGGC
_dDLC
042 _apcc
043 _ad------
082 0 0 _a338.91 NEY 2003
100 1 _aNeumayer, Eric,
_d1970-
_917949
245 1 4 _aThe pattern of aid giving :
_bthe impact of good governance on development assistance /
_cEric Neumayer.
260 _aLondon ;
_aNew York :
_bRoutledge,
_c2003.
300 _axii, 116 p. :
_bill. ;
_c23 cm.
440 0 _aRoutledge studies in development economics,
_x1359-7884 ;
_v34
_917950
504 _aIncludes bibliographical references (p. [103]-112) and index.
650 0 _aEconomic assistance
_xPolitical aspects.
_917951
650 0 _aEconomic assistance
_xEconometric models.
_917952
650 0 _aConditionality (International relations)
_915623
650 0 _aDemocracy
_zDeveloping countries.
_917953
650 0 _aHuman rights
_zDeveloping countries.
_914319
856 4 2 _3Publisher description
_uhttp://www.loc.gov/catdir/enhancements/fy0701/2002036918-d.html
856 4 2 _3Contributor biographical information
_uhttp://www.loc.gov/catdir/enhancements/fy1102/2002036918-b.html
906 _a7
_bcbc
_corignew
_d1
_eocip
_f20
_gy-gencatlg
942 _2ddc
_cO_SHELF
999 _c8881
_d8881